| 000 | 00448nam a22001817a 4500 | ||
|---|---|---|---|
| 003 | CEME | ||
| 005 | 20210628204454.0 | ||
| 008 | 210219b xxu||||| |||| 00| 0 eng d | ||
| 020 | _a1-56347-262-7 | ||
| 040 | _c. | ||
| 082 | _a629.1 BRO'S | ||
| 100 |
_aBrown, C.D _970459 |
||
| 245 | _aSpacecraft mission design | ||
| 260 |
_aUSA _bAIAA _c1998 |
||
| 300 | _aXI,183P | ||
| 650 |
_aSPACE FLIGHT-PLANNING ASTRODYNAMICS _970460 |
||
| 942 |
_cBK _2ddc |
||
| 999 |
_c577438 _d577438 |
||